01038nas a2200229Ia 4500001001100000003000900011008004100020040001300061040001300074041001300087100004600100210001800146222001800164245015300182250001100335260002400346501008600370300001800456362003800474500026000512650003600772R002/39563IT-RoPAU151124c99999999xx |||||||||||| ||und|| aIT-RoPAU cIT-RoPAU aITALIANO aComuzio ErmannogCodice Aut. SPICS: 7870 aBIANCO E NERO aBianco E Nero aBIANCO E NERO, ANNO 45-N.02-APRILE/GIUGNO 1984bBella Addormentata In Camicia Nera (La)-La Musica Per Film In Italia Durante Il Fascismo (1930-1944) a1a ed. aROMAbGREMESEc1984 bPaulus - SPICS - Società San Paolo EM (non-commercial uses only)cCopyright2015 a43 p. [31-73] aANNO 045, N.02-APRILE/GIUGNO 1984 aCinefonico Opere-In-Prosa Filmografia-Dei-Musicisti-Italiani-Nel-Cinema-Di-Regime-1930/1944 Decano-Dei-Compositori-Alessandro-Cicognini Enzo-Masetti-Maestro-Delle-Nuove-Leve Filone-Eroico-Propagandistico Signorinella-Pallida-La-Musica-Dei-Telefoni-Bianchi aCINEMAvPUBBLICAZIONE PERIODICA